| 000 | 00467 a2200157 4500 | ||
|---|---|---|---|
| 020 | _a1577920317 (pbk.) | ||
| 020 | _a9781577920311 (pbk.) | ||
| 041 | _aspa | ||
| 100 | 1 | 0 | _aBar, Amos |
| 245 | 1 | 0 | _aGary el jardinero / por Amos Bar ; ilustrado por Elchanan. |
| 260 | _aGuilford, CT : Grupo Editorial de Connelly-3, c1992. | ||
| 300 |
_a24 pages : color illustrations ; _c22 cm |
||
| 500 | _aTranslation of: Gary the gardener | ||
| 700 | 1 | 0 | _aElchanan |
| 942 | _cBK | ||
| 999 |
_c21497 _d21497 |
||